A Child's first dictionary. (Record no. 112310)
[ view plain ]
| 000 -LEADER | |
|---|---|
| fixed length control field | 00305nam a2200121 a 4500 |
| 001 - CONTROL NUMBER | |
| control field | 4140 |
| 005 - DATE AND TIME OF LATEST TRANSACTION | |
| control field | 20140414131933.0 |
| 008 - FIXED-LENGTH DATA ELEMENTS--GENERAL INFORMATION | |
| fixed length control field | 090218s19uu xx 00 eng d |
| 050 ## - LIBRARY OF CONGRESS CALL NUMBER | |
| Classification number | REF 423.20 |
| Item number | C44 2005 |
| 245 ## - TITLE STATEMENT | |
| Title | A Child's first dictionary. |
| 260 ## - PUBLICATION, DISTRIBUTION, ETC. (IMPRINT) | |
| Name of publisher, distributor, etc | Educational Technologies Ltd. |
| Withdrawn status | Lost status | Damaged status | Use restrictions | Home library | Current library | Shelving location | Date acquired | Source of acquisition | Total Checkouts | Full call number | Barcode | Date last seen | Price effective from | Koha item type |
|---|---|---|---|---|---|---|---|---|---|---|---|---|---|---|
| Munich Library | Munich Library | Reference Section | 02/18/2009 | REF 423.20 C44 2005 | M3569 | 04/14/2014 | 04/14/2014 | Books |